=LDR 00000nam 2200000 4500 =001 INLIS000000000014097 =005 20130612105408 =008 ***********************************Ind** =035 ##$$0010-061300000014097 =041 ##$$a Ind =082 ##$$a 657.3 =090 ##$$a 657.3, Aku a =245 ##$$a Akutansi dan pengendalian keuangan daerah, Penyunting, Abdul Halim =260 ##$$a 1987 $b Yogyakarta =300 ##$$a xii, 382 hlm, Ilus, 25 cm =650 ##$$a Akutansi =850 ##$$a NBPNMAT =990 ##$$a 0001/BPAP-NTB/2016 =990 ##$$a 0001/BPAP-NTB/2016 =990 ##$$a 0001/BPAP-NTB/2016